[Event "ech aubois/chaumont"]
[Site "?"]
[Date "2010.10.17"]
[Round "1"]
[White "CHERY, Quentin"]
[Black "PICARD, Serge"]
[Result "0-1"]
[WhiteElo "1860"]
[BlackElo "2084"]
[PlyCount "48"]
[EventDate "2010.10.17"]
[SourceDate "2010.10.17"]

1. e4 e5 2. Nf3 Nc6 3. Bb5 a6 4. Bxc6 dxc6 5. d3 Bd6 6. Bg5 Nf6 7. Nbd2 h6 8.
Bxf6 Qxf6 9. Qe2 O-O 10. a3 Bd7 11. Nc4 b5 12. Nxd6 cxd6 13. b4 d5 14. Nd2 a5
15. O-O Qd6 16. exd5 cxd5 17. c3 Rfc8 18. Rfc1 axb4 19. axb4 Rxa1 20. Rxa1 Rxc3
21. Ra8+ Kh7 22. Ra1 Qxb4 23. Qxe5 Qb2 24. Rd1 Qxd2 0-1

[Event "ech aubois/chaumont"]
[Site "?"]
[Date "2010.10.17"]
[Round "1"]
[White "MASERA, Michel"]
[Black "ROUSSEL"]
[Result "1-0"]
[WhiteElo "1893"]
[BlackElo "1810"]
[PlyCount "81"]
[EventDate "2010.10.17"]
[SourceDate "2010.10.17"]

1. d4 Nf6 2. c4 g6 3. Nc3 Bg7 4. e4 d6 5. f3 O-O 6. Be3 e5 7. d5 a6 8. Bd3 Ne8
9. Qd2 f5 10. exf5 Bxf5 11. Bxf5 gxf5 12. c5 dxc5 13. Bxc5 Nd6 14. Nge2 Nd7 15.
Bf2 Nc4 16. Qc1 b5 17. O-O Qe7 18. Rd1 Qf6 19. Na4 e4 20. Bd4 Qg6 21. Nf4 Qd6
22. Bxg7 Kxg7 23. Ne6+ Kf7 24. Nxf8 Rxf8 25. fxe4 f4 26. Nc3 Ne3 27. Re1 Rg8
28. Rxe3 fxe3 29. Qxe3 Ke8 30. Rf1 Qc5 31. Qxc5 Nxc5 32. b4 Nd3 33. a3 Nb2 34.
Rf6 Nc4 35. Rxa6 Kd7 36. Nxb5 Nb6 37. Ra7 Ke7 38. Rxc7+ Nd7 39. e5 Kd8 40. Ra7
Rg5 41. e6 1-0

[Event "ech aubois/chaumont"]
[Site "?"]
[Date "2010.10.17"]
[Round "1"]
[White "CHITTIER, Celine"]
[Black "DA COSTA, Manuel"]
[Result "1-0"]
[WhiteElo "1879"]
[BlackElo "1931"]
[PlyCount "43"]
[EventDate "2010.10.17"]
[SourceDate "2010.10.17"]

1. Nf3 Nf6 2. d4 g6 3. c4 Bg7 4. Nc3 d6 5. e4 O-O 6. Be2 c5 7. O-O cxd4 8. Nxd4
Nbd7 9. Be3 Nc5 10. Bf3 Nfd7 11. Rc1 Ne5 12. Be2 Nc6 13. f4 Nxd4 14. Bxd4 Bxd4+
15. Qxd4 Qb6 16. Nd5 Qd8 17. f5 f6 18. b4 Nd7 19. c5 Ne5 20. cxd6 Qxd6 21. Rc7
Nc6 22. Nxe7+ 1-0

[Event "ech aubois/chaumont"]
[Site "?"]
[Date "2010.10.17"]
[Round "1"]
[White "VOGUET, Francois"]
[Black "CATHERINE, Bertrand"]
[Result "1/2-1/2"]
[WhiteElo "1780"]
[BlackElo "1823"]
[PlyCount "35"]
[EventDate "2010.10.17"]
[SourceDate "2010.10.17"]

1. e4 c5 2. d4 cxd4 3. c3 d5 4. exd5 Qxd5 5. Nf3 Nc6 6. Be2 e5 7. O-O Nf6 8.
cxd4 exd4 9. Re1 Be6 10. Nbd2 O-O-O 11. Nb3 Bb4 12. Bd2 Bxd2 13. Qxd2 d3 14.
Bd1 Rhe8 15. Qf4 Qc4 16. Qg5 Qg4 17. Qb5 Qb4 18. Qg5 1/2-1/2

[Event "ech aubois/chaumont"]
[Site "?"]
[Date "2010.10.17"]
[Round "1"]
[White "GUERIN, Antoine"]
[Black "KERLAU, Gildas"]
[Result "1/2-1/2"]
[WhiteElo "1710"]
[BlackElo "1809"]
[Annotator "picard,serge"]
[PlyCount "100"]
[EventDate "2010.10.17"]
[SourceDate "2010.10.17"]

1. d4 Nf6 2. Nf3 d5 3. c4 e6 4. Nc3 c6 5. Bg5 Nbd7 6. e3 Qa5 7. Bxf6 Nxf6 8.
Nd2 Bd6 9. Bd3 e5 10. dxe5 Bxe5 11. Qc2 O-O 12. O-O Be6 13. cxd5 cxd5 14. Nf3
Bd6 15. Rfd1 Rac8 16. Qd2 Bb4 17. Rac1 d4 18. Nxd4 Nd5 19. Nb3 Qd8 20. Qe2 (20.
Bxh7+ Kxh7 21. Qd3+ $18) 20... Bxc3 21. bxc3 Nxc3 22. Rxc3 Rxc3 23. Bxh7+ Kxh7
24. Rxd8 Rxd8 25. h3 Bxb3 26. axb3 Kg8 27. Qb5 b6 28. Qa4 a5 29. Qb5 Rb8 30.
Qe5 Rbc8 31. Qb5 R8c6 32. Qe5 Rc8 33. Qb5 R3c6 34. Kh2 Re6 35. Qd7 Rec6 36. Qd4
b5 37. Qd5 Rc5 38. Qb7 b4 39. Qa6 Rc3 40. h4 R8c5 41. Qa8+ Kh7 42. Qe4+ g6 43.
Qe7 Rf5 44. h5 Rxh5+ 45. Kg3 Kg7 46. Qd8 Rxb3 47. Qd4+ Kh7 (47... Kg8) 48. Qc4
Rc3 49. Qxf7+ Kh6 50. Qf8+ Kh7 1/2-1/2

[Event "ech aubois/chaumont"]
[Site "?"]
[Date "2010.10.17"]
[Round "1"]
[White "PARISOT, Anthony"]
[Black "GONCALVES, D."]
[Result "1/2-1/2"]
[WhiteElo "1662"]
[BlackElo "1740"]
[Annotator "picard,serge"]
[PlyCount "108"]
[EventDate "2010.10.17"]
[SourceDate "2010.10.17"]

1. Nf3 d5 2. d4 Nc6 3. c4 Bf5 4. cxd5 Qxd5 5. Nc3 Qd8 6. e4 Bg4 7. d5 Ne5 8.
Qa4+ (8. Nxe5 Bxd1 9. Bb5+ c6 10. dxc6 $18) 8... Bd7 9. Bb5 Nxf3+ 10. gxf3 a6
11. Bxd7+ Qxd7 12. Be3 Qxa4 13. Nxa4 e6 14. dxe6 Bb4+ 15. Ke2 fxe6 16. Rhd1 Nf6
17. Rd3 O-O 18. Rad1 b6 19. a3 Bd6 20. Nxb6 Rab8 21. Nc4 Bxh2 22. b4 e5 23. Rh1
Bf4 24. Bxf4 exf4 25. Rhd1 Rfe8 26. Kf1 Kf7 27. Na5 g5 28. Nc6 Rb6 29. Nd4 g4
30. fxg4 Nxg4 31. Re1 Rh6 32. Nf3 Rh1+ 33. Ng1 Ne5 34. Rh3 Rxh3 35. Nxh3 f3 36.
Rc1 Re7 37. Rc3 Kg6 38. Nf4+ Kg5 39. Nd5 (39. Rxc7) 39... Re6 40. Nxc7 Rh6 41.
Ke1 Kf4 42. Kd2 Rh2 43. Ne6+ Kxe4 44. Ng5+ Kf5 45. Rc5 Kxg5 46. Rxe5+ Kf4 47.
Re8 Rxf2+ 48. Ke1 Re2+ 49. Rxe2 fxe2 50. Kxe2 Ke4 51. a4 Kd4 52. b5 axb5 53.
axb5 Kc5 54. Kf3 Kxb5 1/2-1/2

[Event "ech aubois/chaumont"]
[Site "?"]
[Date "2010.10.17"]
[Round "1"]
[White "PELADE, Thierry"]
[Black "DOYON, Yves"]
[Result "1-0"]
[WhiteElo "1720"]
[BlackElo "1580"]
[PlyCount "61"]
[EventDate "2010.10.17"]
[SourceDate "2010.10.17"]

1. e4 e5 2. f4 d6 3. Nf3 Bg4 4. Bc4 Bxf3 5. Qxf3 exf4 6. Qxf4 Qf6 7. d4 Qxf4 8.
Bxf4 Nd7 9. O-O f6 10. Nc3 O-O-O 11. a4 Ne7 12. b4 Nc6 13. d5 Nce5 14. Be2 h5
15. h4 Be7 16. Nb5 c6 17. dxc6 Nxc6 18. Bxd6 Bxd6 19. Nxd6+ Kc7 20. Nf7 Nde5
21. Nxh8 Rxh8 22. c3 Nd7 23. Rf5 g6 24. Rd5 Nce5 25. a5 Rf8 26. c4 Re8 27. c5
Re7 28. b5 Ng4 29. b6+ Kb8 30. Bxg4 hxg4 31. Rad1 1-0

[Event "ech aubois/chaumont"]
[Site "?"]
[Date "2010.10.17"]
[Round "1"]
[White "LOUOT, Catherine"]
[Black "SOLANAS, R."]
[Result "0-1"]
[WhiteElo "1565"]
[BlackElo "1637"]
[PlyCount "84"]
[EventDate "2010.10.17"]
[SourceDate "2010.10.17"]

1. e4 c5 2. Nf3 d6 3. d4 cxd4 4. Nxd4 Nf6 5. Nc3 a6 6. Bc4 e6 7. O-O Be7 8. Bg5
O-O 9. f4 Qc7 10. Bd3 Qc5 11. Be2 Nc6 12. Na4 Qxd4+ 13. Qxd4 Nxd4 14. Bd3 b5
15. Nc3 Bb7 16. e5 dxe5 17. fxe5 Nd5 18. Bd2 Nxc3 19. bxc3 Nc6 20. Be4 Rad8 21.
Be3 Ba8 22. Bb6 Rd7 23. Bxc6 Bxc6 24. Bd4 Be4 25. Rf2 b4 26. Rb1 bxc3 27. Bxc3
Bc5 28. Rc1 Rfd8 29. Rcf1 Bxc2 30. Ba5 Rb8 31. h3 Rd5 32. Kh2 Bxf2 33. Rxf2
Rxa5 34. Rxc2 Rxe5 35. Rd2 Kf8 36. Rc2 Ke7 37. Rc7+ Kf6 38. Rc3 Rb2 39. a4 Ree2
40. Rg3 Ra2 41. Rg4 h5 42. Rf4+ Ke7 0-1

[Event "Epernay/Rethel"]
[Site "?"]
[Date "2010.10.17"]
[Round "1"]
[White "PITHOIS, Fabien"]
[Black "GASIOR, Jerome"]
[Result "0-1"]
[WhiteElo "1855"]
[BlackElo "2154"]
[PlyCount "56"]
[EventDate "2010.10.19"]
[SourceDate "2010.10.19"]

1. c4 e5 2. Nc3 Nf6 3. Nf3 d6 4. g3 g6 5. Bg2 Bg7 6. d3 O-O 7. O-O Nc6 8. Nd5
Nxd5 9. cxd5 Ne7 10. e4 Bg4 11. h3 Bxf3 12. Qxf3 c5 13. Qe2 Qb6 14. Rb1 Qa6 15.
a3 Rae8 16. Bd2 f5 17. f3 h5 18. g4 hxg4 19. hxg4 Kf7 20. f4 exf4 21. Bxf4 Nxd5
22. gxf5 Bd4+ 23. Kh2 Nxf4 24. Rxf4 Be5 25. Qg4 g5 26. Qh5+ Ke7 27. Qxg5+ Kd7
28. Bh3 Rh8 0-1

[Event "Epernay/Rethel"]
[Site "?"]
[Date "2010.10.17"]
[Round "1"]
[White "VEDOVOTTO, Nicolas"]
[Black "TATARD, Marie"]
[Result "1/2-1/2"]
[WhiteElo "2050"]
[BlackElo "1861"]
[PlyCount "77"]
[EventDate "2010.10.19"]
[SourceDate "2010.10.19"]

1. Nc3 Nf6 2. Nf3 g6 3. d4 Bg7 4. Bf4 d6 5. Qd2 O-O 6. Bh6 Re8 7. Bxg7 Kxg7 8.
O-O-O Nbd7 9. e4 e5 10. h4 Qe7 11. dxe5 dxe5 12. h5 Nxh5 13. Nd5 Qd6 14. Qg5 h6
15. Qh4 Ndf6 16. Be2 Rh8 17. g4 Nxg4 18. Ne3 Qe6 19. Bc4 Qf6 20. Nxg4 Qxf3 21.
Nxe5 Qf4+ 22. Qxf4 Nxf4 23. Nxf7 Re8 24. f3 h5 25. Rh2 Ne6 26. Bxe6 Bxe6 27.
Ng5 Kf6 28. Nxe6 Rxe6 29. Rd7 Re7 30. Rxe7 Kxe7 31. Kd2 Kf6 32. Ke3 Rd8 33. Rg2
g5 34. Rh2 h4 35. f4 gxf4+ 36. Kxf4 Rh8 37. Rh3 Ke6 38. c4 c5 39. a3 1/2-1/2

[Event "Epernay/Rethel"]
[Site "?"]
[Date "2010.10.17"]
[Round "1"]
[White "DURANT, Christophe"]
[Black "NOIZET, Regis"]
[Result "1/2-1/2"]
[WhiteElo "1954"]
[BlackElo "1966"]
[PlyCount "47"]
[EventDate "2010.10.19"]
[SourceDate "2010.10.19"]

1. d4 d5 2. Nf3 Nf6 3. Bf4 Nc6 4. e3 a6 5. Nbd2 Bf5 6. a3 e6 7. c4 h6 8. Rc1
Bd6 9. Ne5 Bxe5 10. dxe5 Ne4 11. cxd5 exd5 12. Nxe4 dxe4 13. Qxd8+ Rxd8 14.
Bxa6 Na5 15. Bb5+ c6 16. Ba4 b5 17. Bd1 O-O 18. e6 fxe6 19. Bc7 Ra8 20. Bxa5
Rxa5 21. Rxc6 b4 22. axb4 Rb5 23. b3 Rxb4 24. Rc3 1/2-1/2

[Event "Epernay/Rethel"]
[Site "?"]
[Date "2010.10.17"]
[Round "1"]
[White "MEUNIER, Samuel"]
[Black "CREPAUX, Jean Marie"]
[Result "1-0"]
[WhiteElo "1953"]
[BlackElo "1920"]
[PlyCount "85"]
[EventDate "2010.10.19"]
[SourceDate "2010.10.19"]

1. e4 e5 2. Nf3 Nc6 3. d4 exd4 4. Nxd4 Bc5 5. Be3 Qf6 6. c3 Nge7 7. g3 d6 8.
Bg2 O-O 9. O-O Ne5 10. h3 Nc4 11. Bc1 Ng6 12. b3 Nce5 13. Be3 Bd7 14. f4 Nc6
15. Qd3 Rfe8 16. Nd2 a5 17. a4 h5 18. Kh2 Qe7 19. Rae1 Nf8 20. Qe2 g6 21. Qf2
Nh7 22. Nc4 Qf6 23. Rd1 Re7 24. Qd2 Rae8 25. e5 Qg7 26. Rfe1 Nxd4 27. Bxd4 Bxd4
28. cxd4 Bc6 29. Bxc6 bxc6 30. Nxa5 dxe5 31. Nxc6 Re6 32. d5 Rf6 33. Rxe5 Rxe5
34. Nxe5 g5 35. Qd4 Rb6 36. b4 f6 37. Nc6 h4 38. gxh4 Qd7 39. hxg5 fxg5 40.
fxg5 Nxg5 41. Qg4 Qxg4 42. hxg4 Ne4 43. a5 1-0

[Event "Epernay/Rethel"]
[Site "?"]
[Date "2010.10.17"]
[Round "1"]
[White "MARCHAL, Ludovic"]
[Black "SOHIER, Renaud"]
[Result "0-1"]
[WhiteElo "1630"]
[BlackElo "1945"]
[PlyCount "100"]
[EventDate "2010.10.19"]
[SourceDate "2010.10.19"]

1. c4 g6 2. Nc3 Bg7 3. g3 Nf6 4. Bg2 c6 5. e4 d6 6. Nge2 O-O 7. O-O Bg4 8. h3
Bd7 9. d4 Qc8 10. Kh2 Na6 11. Be3 Nc7 12. Rc1 a6 13. d5 c5 14. Na4 Bxa4 15.
Qxa4 b5 16. Qd1 Nd7 17. b3 b4 18. Qd2 Rd8 19. Bh6 Bh8 20. f4 a5 21. Rc2 a4 22.
Bg5 Re8 23. Bh6 axb3 24. axb3 Ra3 25. Rb1 Qa6 26. Nc1 e6 27. Nd3 exd5 28. exd5
Re7 29. Nf2 Nf6 30. Bg5 Nce8 31. Qd3 Ra1 32. Rxa1 Qxa1 33. Ne4 Qb1 34. Nxf6+
Nxf6 35. Rd2 Qe1 36. Rd1 Qe2 37. Rd2 Qe1 38. Rd1 Re3 39. Rxe1 Rxd3 40. Bxf6
Bxf6 41. Rb1 h5 42. h4 Bd4 43. Be4 Re3 44. Bg2 Rc3 45. Bf1 Bf2 46. Rd1 Bxg3+
47. Kh3 Bxf4+ 48. Rd3 Rc2 49. Bg2 f6 50. Rf3 g5 0-1

[Event "Epernay/Rethel"]
[Site "?"]
[Date "2010.10.17"]
[Round "1"]
[White "LAMBERT, Alain"]
[Black "FREZIER, Sebastien"]
[Result "1-0"]
[WhiteElo "1790"]
[BlackElo "1680"]
[PlyCount "29"]
[EventDate "2010.10.19"]
[SourceDate "2010.10.19"]

1. e4 e5 2. Nf3 Nc6 3. Bb5 a6 4. Ba4 Bc5 5. O-O Nge7 6. Nxe5 Bxf2+ 7. Rxf2 Nxe5
8. Qf1 f6 9. d4 Nf7 10. Bf4 Ng6 11. Nc3 c6 12. Bb3 O-O 13. Bd6 Ne7 14. e5 Kh8
15. exf6 1-0

[Event "Epernay/Rethel"]
[Site "?"]
[Date "2010.10.17"]
[Round "1"]
[White "PUECH, Armel"]
[Black "BINIAUX, Mickael"]
[Result "1/2-1/2"]
[WhiteElo "1690"]
[BlackElo "1751"]
[PlyCount "74"]
[EventDate "2010.10.19"]
[SourceDate "2010.10.19"]

1. e4 d5 2. e5 c5 3. c3 Nc6 4. d4 cxd4 5. cxd4 Qb6 6. Nc3 Qxd4 7. Qxd4 Nxd4 8.
Nxd5 Nc2+ 9. Kd1 Nxa1 10. Nc7+ Kd8 11. Nxa8 Bf5 12. Be3 b6 13. Nxb6 axb6 14.
Bxb6+ Kc8 15. Ba6+ Kb8 16. a3 g6 17. Ne2 Nb3 18. Bc4 Be6 19. Bxe6 fxe6 20. Kc2
Kb7 21. Kxb3 Kxb6 22. Nd4 Nh6 23. Nxe6 Ng4 24. Rd1 Bh6 25. f4 Nxh2 26. Rh1 Ng4
27. Rh4 Bxf4 28. Nxf4 Nxe5 29. Ne6 Nc6 30. Rh6 Ne5 31. Ng5 Kc5 32. Kc3 Nc4 33.
Rxh7 Rb8 34. b4+ Kb5 35. Rxe7 Ra8 36. Rb7+ Kc6 37. Rg7 Kb5 1/2-1/2

[Event "Epernay/Rethel"]
[Site "?"]
[Date "2010.10.17"]
[Round "1"]
[White "PIERLOT, Aurore"]
[Black "ROBERT, Guillaume"]
[Result "1-0"]
[WhiteElo "1440"]
[BlackElo "1400"]
[PlyCount "67"]
[EventDate "2010.10.19"]
[SourceDate "2010.10.19"]

1. e4 c5 2. Nc3 d6 3. Nf3 Nf6 4. d3 e6 5. Be3 Nbd7 6. d4 cxd4 7. Nxd4 a6 8. Bd3
e5 9. Nde2 b5 10. O-O Ng4 11. Qd2 Qh4 12. h3 Ndf6 13. Bg5 Qh5 14. Ng3 Qg6 15.
hxg4 Bxg4 16. Be2 h5 17. Bxf6 Qxf6 18. Nd5 Qd8 19. Qd1 Be6 20. c4 h4 21. Nf5
bxc4 22. Qa4+ Bd7 23. Qxc4 Rc8 24. Qxa6 Rc2 25. Rac1 Rxc1 26. Rxc1 f6 27. Nc7+
Kf7 28. Qc4+ Kg6 29. Qd3 Rh7 30. Qh3 Kf7 31. Bc4+ d5 32. Bxd5+ Be6 33. Bxe6+
Kg6 34. Qg4# 1-0

[Event "Bogny/LTR"]
[Site "?"]
[Date "2010.10.17"]
[Round "1"]
[White "LEGHBALI, Sophiane"]
[Black "PIERMEE, Emilien"]
[Result "0-1"]
[WhiteElo "1926"]
[BlackElo "2142"]
[PlyCount "68"]
[EventDate "2010.10.19"]
[SourceDate "2010.10.20"]

1. e4 c5 2. Nf3 g6 3. d4 cxd4 4. Nxd4 Bg7 5. Nc3 Nc6 6. Be3 Nf6 7. f3 O-O 8.
Qd2 d5 9. Nxc6 bxc6 10. O-O-O e6 11. Bc4 Qc7 12. Bb3 Bb7 13. Bc5 Rfd8 14. Qf2
Ba6 15. Kb1 Nd7 16. Ba3 Qb6 17. Qd2 Nc5 18. Qe1 d4 19. Ne2 Nxb3 20. axb3 d3 21.
Nc1 dxc2+ 22. Kxc2 Rxd1 23. Qxd1 Rd8 24. Qe1 Qd4 25. Kb1 Bb5 26. Rg1 Bh6 27.
Qa5 Bg5 28. Qe1 h5 29. h4 Be3 30. Rh1 Bd2 31. Qd1 Qf2 32. Qg1 Qxg1 33. Rxg1 Be3
34. Be7 Rd7 0-1

[Event "Bogny/LTR"]
[Site "?"]
[Date "2010.10.17"]
[Round "1"]
[White "LASSALLE, Arnaud"]
[Black "FLAMANT, Jacky"]
[Result "1-0"]
[WhiteElo "2052"]
[BlackElo "1822"]
[PlyCount "59"]
[EventDate "2010.10.19"]
[SourceDate "2010.10.20"]

1. e4 e6 2. d4 d5 3. Nd2 dxe4 4. Nxe4 Nf6 5. Nxf6+ Qxf6 6. Nf3 h6 7. Bd3 Nc6 8.
O-O Bd7 9. c3 O-O-O 10. b4 a6 11. a4 Na7 12. Be3 Kb8 13. a5 Bd6 14. Qb3 e5 15.
dxe5 Bxe5 16. Nxe5 Qxe5 17. Rfe1 Qf6 18. Bd4 Qg5 19. Qxf7 Bc6 20. Qg6 Qxg6 21.
Bxg6 Nb5 22. Be5 Rhf8 23. Rad1 Nd6 24. f3 Bb5 25. h4 Rd7 26. h5 Nf5 27. Rxd7
Bxd7 28. Kf2 Nh4 29. Be4 Bg4 30. Kg3 1-0

[Event "Bogny/LTR"]
[Site "?"]
[Date "2010.10.17"]
[Round "1"]
[White "GUYON, Cyndie"]
[Black "SZYLAR, Eric"]
[Result "0-1"]
[WhiteElo "1908"]
[BlackElo "2053"]
[PlyCount "60"]
[EventDate "2010.10.19"]
[SourceDate "2010.10.20"]

1. d4 Nf6 2. c4 g6 3. Nc3 d5 4. cxd5 Nxd5 5. Bd2 Nb6 6. e3 Bg7 7. h3 e5 8. dxe5
Bxe5 9. Nf3 Bg7 10. Na4 O-O 11. Nxb6 axb6 12. Qc1 Be6 13. a3 Nd7 14. Bc3 Bxc3+
15. Qxc3 Nc5 16. Rd1 Qe7 17. Bc4 Na4 18. Qc2 Bxc4 19. b3 Bb5 20. Nd4 Be8 21.
bxa4 Bxa4 22. Nb3 Qxa3 23. Rb1 Qb4+ 24. Qd2 Qc4 25. Nd4 c5 26. Ne2 Rfd8 27. Qb2
Bc6 28. O-O Qe4 29. f3 Qxe3+ 30. Rf2 Rd2 0-1

[Event "Bogny/LTR"]
[Site "?"]
[Date "2010.10.17"]
[Round "1"]
[White "LOUIS, Andre"]
[Black "ALCIDI, Valentin"]
[Result "1/2-1/2"]
[WhiteElo "1823"]
[BlackElo "1815"]
[PlyCount "92"]
[EventDate "2010.10.19"]
[SourceDate "2010.10.20"]

1. e4 e5 2. Nf3 Nc6 3. Bb5 a6 4. Bxc6 dxc6 5. O-O Bg4 6. h3 Bxf3 7. Qxf3 Qf6 8.
Qb3 O-O-O 9. d3 Bc5 10. Be3 Bxe3 11. fxe3 Qg5 12. Qxf7 Qxe3+ 13. Qf2 Qxf2+ 14.
Rxf2 Nh6 15. Nd2 Rdf8 16. Raf1 Rxf2 17. Rxf2 Kd7 18. Nc4 Re8 19. g4 Re7 20. g5
Ng8 21. Rf8 b5 22. Rxg8 bxc4 23. Ra8 cxd3 24. cxd3 Rf7 25. Kg2 Kd6 26. Rxa6 Kc5
27. Ra4 Kb5 28. Rc4 Rd7 29. Rc3 c5 30. Kf3 Rf7+ 31. Kg2 Rd7 32. Rb3+ Kc6 33.
Kg3 Rf7 34. a4 Rf1 35. Rc3 Ra1 36. b3 Kb6 37. h4 g6 38. Kg4 Rg1+ 39. Kf3 Rh1
40. Kg3 Rg1+ 41. Kf2 Ra1 42. Kg2 Ra2+ 43. Kg3 Ra1 44. Kf3 Rh1 45. Kg3 Rg1+ 46.
Kf2 Rh1 1/2-1/2

[Event "Bogny/LTR"]
[Site "?"]
[Date "2010.10.17"]
[Round "1"]
[White "PRIOUX, Michel"]
[Black "HACENE, Ahmed"]
[Result "0-1"]
[WhiteElo "1808"]
[BlackElo "1782"]
[PlyCount "111"]
[EventDate "2010.10.19"]
[SourceDate "2010.10.20"]

1. c4 Nf6 2. Nc3 e6 3. Nf3 d5 4. d4 Bb4 5. Bd2 O-O 6. e3 Re8 7. Bd3 c6 8. O-O
Nbd7 9. Rc1 e5 10. dxe5 Nxe5 11. Nxe5 Rxe5 12. a3 dxc4 13. Bxc4 Ba5 14. b4 Bc7
15. Ne2 Ne4 16. Bc3 Qxd1 17. Rfxd1 Nxc3 18. Rxc3 Bf5 19. Ng3 Bg6 20. Rcc1 Re7
21. Rd2 h5 22. Rcd1 h4 23. Nf1 Bh5 24. Be2 Bxe2 25. Rxe2 Kf8 26. Red2 Ke8 27.
f3 Bb6 28. Kf2 f5 29. Ke2 a5 30. b5 cxb5 31. Rd5 b4 32. Rb5 Bxe3 33. Nxe3 f4
34. axb4 axb4 35. Rd2 Ra3 36. Rxb4 Raxe3+ 37. Kf2 g5 38. Rdb2 Ra3 39. Rb5 Rg7
40. Rd5 Rg6 41. Re2+ Re3 42. Rxe3+ fxe3+ 43. Kxe3 b6 44. Kd4 Ke7 45. g3 h3 46.
Kc4 Rc6+ 47. Kb5 Rc2 48. Rxg5 Rxh2 49. Kxb6 Rh1 50. Re5+ Kf6 51. Re4 Rb1+ 52.
Kc5 h2 53. Rf4+ Ke6 54. Re4+ Kd7 55. Rg4 h1=Q 56. Rg7+ 0-1

[Event "Bogny/LTR"]
[Site "?"]
[Date "2010.10.17"]
[Round "1"]
[White "BACH, Michel"]
[Black "RENARD, Luc"]
[Result "0-1"]
[WhiteElo "1600"]
[BlackElo "1803"]
[PlyCount "72"]
[EventDate "2010.10.19"]
[SourceDate "2010.10.20"]

1. c4 e6 2. e4 b6 3. Nc3 Bb7 4. d3 Ne7 5. Nf3 g6 6. a3 Bg7 7. Bd2 O-O 8. Be2 d5
9. e5 dxc4 10. d4 Nbc6 11. O-O Nxd4 12. Nxd4 Qxd4 13. Be3 Qxe5 14. Bxc4 Rfd8
15. Qe2 Nd5 16. Rad1 Nxc3 17. Rxd8+ Rxd8 18. bxc3 Qd6 19. a4 Bxc3 20. Ba6 Qd5
21. f3 Bd4 22. Bxb7 Bxe3+ 23. Kh1 Qxb7 24. Qxe3 Qd5 25. Re1 c5 26. g3 Qd4 27.
Qa3 Qd3 28. Qxd3 Rxd3 29. Kg2 Rd4 30. Re4 Rxe4 31. fxe4 Kg7 32. Kf3 Kf6 33. h4
Ke5 34. Ke3 a6 35. Kd3 h5 36. Ke3 c4 0-1

[Event "Bogny/LTR"]
[Site "?"]
[Date "2010.10.17"]
[Round "1"]
[White "WACZECKA, Jerome"]
[Black "ATANECIAN, Valerik"]
[Result "0-1"]
[WhiteElo "1764"]
[BlackElo "1499"]
[PlyCount "106"]
[EventDate "2010.10.19"]
[SourceDate "2010.10.20"]

1. d4 d5 2. Nf3 Bf5 3. c3 e6 4. Bf4 Bd6 5. Bg5 f6 6. Bh4 Bg6 7. Qb3 b6 8. Nbd2
Ne7 9. e3 O-O 10. e4 c6 11. Bd3 Bc7 12. Qc2 Qd7 13. O-O-O Bf4 14. Bg3 Bc7 15.
Nh4 f5 16. Nxg6 hxg6 17. e5 c5 18. Nf3 cxd4 19. Nxd4 Nbc6 20. Qa4 Bd8 21. Bb5
Rc8 22. Nf3 Rc7 23. Ng5 Nc8 24. Nf3 a6 25. Bxa6 Ra7 26. Bxc8 Qxc8 27. Qb3 Na5
28. Qc2 b5 29. Bh4 Nc4 30. a3 b4 31. cxb4 Rc7 32. Qe2 Nxa3+ 33. Kd2 Rc2+ 34.
Ke1 Rxe2+ 35. Kxe2 Qc4+ 36. Ke3 Nb5 37. Bxd8 Rxd8 38. Kd2 Qxb4+ 39. Ke2 Qxb2+
40. Rd2 Qb3 41. Rc1 d4 42. Ng5 Nc3+ 43. Ke1 Ne4 44. Rxd4 Re8 45. Nxe4 fxe4 46.
Rxe4 Qb7 47. f3 Rc8 48. Rd1 Qb6 49. Rd6 Qg1+ 50. Kd2 Qxg2+ 51. Re2 Qxf3 52. Re3
Qf2+ 53. Re2 Rc2+ 0-1

[Event "Bogny/LTR"]
[Site "?"]
[Date "2010.10.17"]
[Round "1"]
[White "LOUIS, Sophie"]
[Black "HUSSON, Christophe"]
[Result "0-1"]
[WhiteElo "1390"]
[BlackElo "1730"]
[PlyCount "84"]
[EventDate "2010.10.19"]
[SourceDate "2010.10.20"]

1. e4 g6 2. Nc3 Bg7 3. Bc4 Nc6 4. Nf3 e6 5. O-O Nge7 6. Re1 O-O 7. d4 a6 8. d5
Na5 9. Bd3 b5 10. Rb1 b4 11. Na4 exd5 12. exd5 Nxd5 13. Be4 c6 14. Bxd5 cxd5
15. Qxd5 Bb7 16. Qd3 Qc7 17. b3 Bxf3 18. Qxf3 Qxc2 19. Qe4 Qxe4 20. Rxe4 Nc6
21. Bd2 a5 22. Nb6 Ra7 23. Rc1 Rb7 24. Na4 Rb5 25. Rce1 d5 26. Re8 d4 27. Rxf8+
Kxf8 28. Rc1 Ne7 29. Nb2 Nd5 30. Kf1 Nc3 31. Re1 Nxa2 32. Nc4 Rd5 33. Nb6 Rd8
34. Nc4 Ra8 35. Nb6 Rd8 36. Nc4 Re8 37. Nxa5 Rxe1+ 38. Kxe1 d3 39. Nc4 Bc3 40.
Nb6 Nc1 41. Kd1 Nxb3 42. Nd5 Nxd2 0-1

[Event "N4 Blagny / Chalons"]
[Site "?"]
[Date "2010.10.17"]
[Round "1.1"]
[White "Monaville, Guy"]
[Black "Vilpoux, Jérémy"]
[Result "1/2-1/2"]
[WhiteElo "2095"]
[BlackElo "2142"]
[PlyCount "49"]
[EventDate "2010.10.17"]
[SourceDate "2010.10.17"]

1. e4 c5 2. Nc3 Nc6 3. g3 g6 4. Bg2 Bg7 5. d3 d6 6. f4 e6 7. Nf3 Nge7 8. O-O
O-O 9. Be3 Nd4 10. e5 Nef5 11. Bf2 Rb8 12. Ne4 dxe5 13. Nxe5 f6 14. Nc4 b6 15.
c3 Nb5 16. g4 Nfd6 17. a4 Nxe4 18. dxe4 Nc7 19. Qxd8 Rxd8 20. Rfd1 Ba6 21. Bf1
Kf7 22. Nd6+ Ke7 23. Bxa6 Rxd6 24. Rxd6 Kxd6 25. Rd1+ 1/2-1/2

[Event "N4 Blagny / Chalons"]
[Site "?"]
[Date "2010.10.17"]
[Round "1.2"]
[White "Saatdjian, Stéphane"]
[Black "Defrance, Laurent"]
[Result "1/2-1/2"]
[WhiteElo "2012"]
[BlackElo "2151"]
[PlyCount "48"]
[EventDate "2010.10.17"]
[SourceDate "2010.10.17"]

1. e4 c6 2. d4 d5 3. f3 e6 4. Nc3 Bb4 5. Bf4 Nf6 6. Qd3 b6 7. Nge2 Ba6 8. Qe3
O-O 9. a3 Bxc3+ 10. bxc3 c5 11. Ng3 Bxf1 12. Nxf1 cxd4 13. cxd4 Nc6 14. e5 Nd7
15. Nd2 Na5 16. O-O Rc8 17. Rac1 Nc4 18. Nxc4 Rxc4 19. Bg5 Qc7 20. Be7 Re8 21.
Bd6 Qc6 22. Rf2 Rc3 23. Qd2 Nf8 24. Re2 Ng6 1/2-1/2

[Event "N4 Blagny / Chalons"]
[Site "?"]
[Date "2010.10.17"]
[Round "1.3"]
[White "Giorgetti, cyril"]
[Black "Harnik, Cécilien"]
[Result "1/2-1/2"]
[WhiteElo "1949"]
[BlackElo "1956"]
[PlyCount "45"]
[EventDate "2010.10.17"]
[SourceDate "2010.10.17"]

1. e4 e6 2. d4 d5 3. Nd2 Nf6 4. e5 Nfd7 5. Bd3 c5 6. c3 Nc6 7. Ne2 cxd4 8. cxd4
f6 9. exf6 Nxf6 10. Nf3 Bd6 11. O-O Qc7 12. Re1 O-O 13. Bd2 Ne4 14. a3 e5 15.
Bxe4 dxe4 16. Qb3+ Kh8 17. Nxe5 Nxe5 18. dxe5 Bxe5 19. Ng3 Bxg3 20. hxg3 Bf5
21. Rac1 Qd7 22. Bf4 Rac8 23. Rcd1 1/2-1/2

[Event "N4 Blagny / Chalons"]
[Site "?"]
[Date "2010.10.17"]
[Round "1.4"]
[White "Salazar, Diego"]
[Black "Hanot, Wilfried"]
[Result "1-0"]
[WhiteElo "2029"]
[BlackElo "1877"]
[PlyCount "105"]
[EventDate "2010.10.17"]
[SourceDate "2010.10.17"]

1. c4 Nf6 2. d4 c5 3. d5 b5 4. Nc3 b4 5. Na4 d6 6. b3 Bd7 7. Nb2 g6 8. Nd3 Bg7
9. Bb2 Bf5 10. f3 Bxd3 11. Qxd3 Nbd7 12. f4 a5 13. e4 a4 14. bxa4 Rxa4 15. Be2
Nh5 16. Bxg7 Nxg7 17. Bd1 Ra3 18. Bb3 Nb6 19. Nf3 O-O 20. O-O Na4 21. Nd2 Nc3
22. Nb1 Nxb1 23. Raxb1 Qc7 24. Rb2 e6 25. Rbf2 f5 26. dxe6 Nxe6 27. Qd5 Qd7 28.
Rd1 Ra6 29. e5 Rd8 30. Rfd2 Qc8 31. g3 Kf7 32. Qg2 Nd4 33. Qd5+ Ne6 34. h3 Ke7
(34... dxe5 35. Qxe5 Nd4 36. Rxd4 Rxd4 37. Rxd4 Re6 {et pas claire}) 35. Re2
dxe5 36. Qxe5 Rxd1+ 37. Bxd1 Kf7 38. Rd2 Nd4 39. Rxd4 cxd4 (39... Re6 40. Qd5
cxd4 41. Qxd4) 40. c5 Rc6 {ce coup rend du jeu à Diego} (40... Qd7 $11) 41.
Bb3+ Kf8 42. Qh8+ Ke7 43. Qxh7+ Kd8 44. Qh8+ Kc7 45. Qe5+ Kb7 46. Bd5 d3 (46...
Ka6 47. Bxc6 Qxc6 48. Qxd4 Kb5) 47. Kf2 Ka7 48. Bxc6 Qxc6 49. Qe7+ Ka8 (49...
Ka6) 50. Qd8+ Ka7 51. Qb6+ Qxb6 52. cxb6+ Kxb6 53. Ke3 1-0